000
00285nam a2200121Ia 4500
008
190216s9999||||xx |||||||||||||| ||und||
100
_a
Dr.Bharath Chandra Mishra
245
0
_a
Hindi-Laam Thanthr
260
_b
Navasug Sahithya
_c
2010
300
_a
152
650
_a
Hindi
942
_c
BK
999
_c
16669
_d
16669